<?xml version="1.0" encoding="UTF-8"?>
<record
    xmlns:xsi="http://www.w3.org/2001/XMLSchema-instance"
    xsi:schemaLocation="http://www.loc.gov/MARC21/slim http://www.loc.gov/standards/marcxml/schema/MARC21slim.xsd"
    xmlns="http://www.loc.gov/MARC21/slim">

  <leader>01654nam a22002297a 4500</leader>
  <controlfield tag="003">0</controlfield>
  <controlfield tag="005">20241009153006.0</controlfield>
  <controlfield tag="008">241009b        xxu||||| |||| 00| 0 eng d</controlfield>
  <datafield tag="020" ind1=" " ind2=" ">
    <subfield code="a">9780593198766</subfield>
  </datafield>
  <datafield tag="050" ind1=" " ind2=" ">
    <subfield code="a">PS 3623</subfield>
    <subfield code="b">.W356 2022</subfield>
  </datafield>
  <datafield tag="100" ind1=" " ind2=" ">
    <subfield code="a">Waxman, Abbi,</subfield>
    <subfield code="e">author.</subfield>
  </datafield>
  <datafield tag="245" ind1=" " ind2=" ">
    <subfield code="a">Adult assembly required /</subfield>
    <subfield code="c">Abbi Waxman.</subfield>
  </datafield>
  <datafield tag="250" ind1=" " ind2=" ">
    <subfield code="a">1st ed.</subfield>
  </datafield>
  <datafield tag="260" ind1=" " ind2=" ">
    <subfield code="a">New York :</subfield>
    <subfield code="b">Berkley,</subfield>
    <subfield code="c">2022.</subfield>
  </datafield>
  <datafield tag="300" ind1=" " ind2=" ">
    <subfield code="a">374 p. ;</subfield>
    <subfield code="c">21 cm.</subfield>
  </datafield>
  <datafield tag="500" ind1=" " ind2=" ">
    <subfield code="a">Includes a readers guide.</subfield>
  </datafield>
  <datafield tag="500" ind1=" " ind2=" ">
    <subfield code="a">"USA Today bestselling author of The Bookish Life of Nina Hill"--Cover.</subfield>
  </datafield>
  <datafield tag="520" ind1=" " ind2=" ">
    <subfield code="a">"A young woman moves to Los Angeles to escape her life and discovers she doesn't have to leave all of herself behind to make a fresh start, from USA Today bestselling author Abbi Waxman. When Laura Costello moves to Los Angeles, hoping to finally get away from her overprotective family, she doesn't expect to be homeless after a week. (She's almost certain she didn't start that fire . . . right?) When she's rescued by a charming but eccentric bookseller and installed in a slightly chaotic and entirely illegal boardinghouse, she isn't sure if she's fallen on her feet or just out of the frying pan. A handsome housemate, a landlady with regrets, and the unwelcome attention of an old flame conspire to make Laura's life far more complicated than she hoped. However, a set of new friends who widen her experience-and knowledge of trivia-will do their very best to help this transplant put down roots and learn what it really means to be an adult"-- Provided by publisher.</subfield>
  </datafield>
  <datafield tag="650" ind1=" " ind2=" ">
    <subfield code="a">Man-woman relationships</subfield>
    <subfield code="v">Fiction.</subfield>
  </datafield>
  <datafield tag="650" ind1=" " ind2=" ">
    <subfield code="a">Moving, Household</subfield>
    <subfield code="v">Fiction.</subfield>
  </datafield>
  <datafield tag="942" ind1=" " ind2=" ">
    <subfield code="2">lcc</subfield>
    <subfield code="c">BK</subfield>
  </datafield>
  <datafield tag="999" ind1=" " ind2=" ">
    <subfield code="c">366475</subfield>
    <subfield code="d">366475</subfield>
  </datafield>
  <datafield tag="952" ind1=" " ind2=" ">
    <subfield code="0">0</subfield>
    <subfield code="1">0</subfield>
    <subfield code="2">lcc</subfield>
    <subfield code="4">0</subfield>
    <subfield code="a">LUX</subfield>
    <subfield code="b">LUX</subfield>
    <subfield code="c">FIC</subfield>
    <subfield code="d">2024-10-09</subfield>
    <subfield code="e">Library Fund</subfield>
    <subfield code="k">FIC</subfield>
    <subfield code="l">0</subfield>
    <subfield code="o">PS 3623 .W356 2022</subfield>
    <subfield code="p">21288</subfield>
    <subfield code="r">2024-10-09 00:00:00</subfield>
    <subfield code="w">2024-10-09</subfield>
    <subfield code="y">BK</subfield>
  </datafield>
</record>
